=LDR 00000nam 2200000 4500 =001 INLIS000000000005494 =005 20251016014204 =035 ##$$a 0010-1025000549 =007 ta =008 251016###########################0#ind## =082 ##$$a 312.095 =084 ##$$a 312.095 SAP i =100 #$$a Saparinah Sadli =245 1#$$a Identifikasi Indikator Sosial Wanita Indonesia /$c Yayasan Ilmu Ilmu Sosial =260 ##$$a Jakarta :$b Yayasan Ilmu Ilmu Sosial,$c 1984 =300 ##$$a 95 Hal : $b Ilus ; $c 21 =650 #4$$a Keluarga Berencana =700 #$$a Mayling Oey =700 #$$a Riga Adiwoso =700 #$$a Soedarti Surbakti =856 ##$$a Perpustakaan Kemendukbangga